The Life of Paul McCartney - Statistics

General Stats
  • This quiz has been taken 86 times
  • The average score is 14 of 20
Answer Stats
Hint Answer % Correct
City he was born in Liverpool
100%
Band he famously played in The Beatles
100%
Band he formed after the above band broke up Wings
96%
Year Sir Paul McCartney was born 1942
93%
Song inspried by a dream about his deceased mother Let it Be
88%
Instrument he famously played upside down Bass guitar
87%
His first wife who he co-wrote a number of songs with Linda McCartney
87%
This McCartney song is the most covered song in history Yesterday
81%
His nickname Macca
79%
His "Live and Let Die" was written for a film in this famous series James Bond
77%
His (and his son's) first name James
76%
This McCartney song was written in response to racial segregation in the United States Blackbird
68%
This McCartney number was the "best tune on [Revolver]" according to Lennon Here, There and Everywhere
57%
The year he was knighted 1997
56%
His long-term girlfriend during the height of Beatlemania Jane Asher
55%
Working title of the above song Scrambled Eggs
55%
Instrument he first learnt as a child Trumpet
45%
He wrote this song when he was just 16 years old When I'm Sixty-Four
35%
The pseudonym Paul McCartney used when releasing experimental electronic music in the 1990s The Fireman
17%
Name of his long-time band that has backed him on tour since the 80s The Paul McCartney Band
3%
No matching quizzes found
Score Distribution
Percent of People with Each Score
Percentile by Number Answered
Your Score History
You have not taken this quiz